Oeuvres complètes de Bartolomeo Borghesi / (Record no. 152403)
[ view plain ]
| 000 -LEADER | |
|---|---|
| campo de control de longitud fija | 00948nam a22001815i 4500 |
| 001 - NÚMERO DE CONTROL | |
| campo de control | 152403 |
| 003 - IDENTIFICADOR DE NÚMERO DE CONTROL | |
| campo de control | ES-MaACL |
| 005 - FECHA Y HORA DE LA ÚLTIMA TRANSACCIÓN | |
| campo de control | 20230906204726.0 |
| 008 - DATOS DE LONGITUD FIJA--INFORMACIÓN GENERAL | |
| campo de control de longitud fija | 051013m18621897fr | |||||||| ||fre d |
| 100 1# - ENTRADA PRINCIPAL--NOMBRE DE PERSONA | |
| Nombre de persona | Borghesi, Bartolommeo. |
| 9 (RLIN) | 126086 |
| 245 10 - MENCIÓN DEL TÍTULO | |
| Título | Oeuvres complètes de Bartolomeo Borghesi / |
| Mención de responsabilidad, etc. | publiées par les ordres et aux frais de S.M. l'Empereur Napoléon III. |
| 260 ## - PUBLICACIÓN, DISTRIBUCIÓN, ETC. | |
| Lugar de publicación, distribución, etc. | Paris : |
| Nombre del editor, distribuidor, etc. | Imp. Impériale, |
| Fecha de publicación, distribución, etc. | 1862-1897. |
| 300 ## - DESCRIPCIÓN FÍSICA | |
| Extensión | 10 v. ; |
| Dimensiones | 27 cm. |
| 505 8# - NOTA DE CONTENIDO CON FORMATO | |
| Nota de contenido con formato | Contiene: I-II. Oeuvres numismatiques - III-V. Oeuvres épigraphiques - VI-VIII. Lettres - IX. Première partie: Nouveaux fragments des fastes consulaires - IX. Seconde partie: Les préfets de Rome - IX. Troisième partie: Table des lettres - X. Les préfets du prétoire, publié par Edouard Cuq |
| 651 #4 - PUNTO DE ACCESO ADICIONAL DE MATERIA--NOMBRE GEOGRÁFICO | |
| Nombre geográfico | Roma- |
| Subdivisión general | Historia. |
| 9 (RLIN) | 9312 |
| 700 1# - ENTRADA AGREGADA--NOMBRE PERSONAL | |
| Nombre de persona | Cuq, Edouard. |
| 9 (RLIN) | 42196 |
| 852 ## - LOCALIZACIÓN | |
| Ubicación | ES-MaACL |
| Número de control de estantería | G-6250-59 |
| Nota libre | - Enc. hol. y rúst. |
| -- | - Falto de la 2ª parte del v. IX y del v. X |
| Estatus retirado | Estado de pérdida | Estado de daño | No para préstamo | Colección | Biblioteca de origen | Biblioteca actual | Ubicación en estantería | Fecha de adquisición | Fuente de adquisición | Total de préstamos | Signatura topográfica completa | Código de barras | Visto por última vez | Precio de reemplazo | Tipo de ítem Koha |
|---|---|---|---|---|---|---|---|---|---|---|---|---|---|---|---|
| Libros del s. XIX | Biblioteca del Ateneo de Madrid | Biblioteca del Ateneo de Madrid | Depósito 2 | 17/01/2008 | G-6250-6259 | 1159135 | 23/02/2023 | 23/02/2023 | Libro impreso antiguo |
